000
00303pam a2200133 a 4500
020
_c
041
_h
082
_a
743.6
_b
SMI
100
_a
Ducan Smith .
245
_a
Essential Guide to Drawing
_h
Textual Documents
260
_a
[s.l]:
_b
Arcturus ,
_c
2012.
300
_a
48:
_b
paper.
930
_a
7235
999
_c
241025
_d
241025